| 000 | 00839nam a2200265 i 4500 | ||
|---|---|---|---|
| 001 | 6762 | ||
| 003 | ES-MaACL | ||
| 005 | 20230906145101.0 | ||
| 007 | t| | ||
| 008 | 900319s1984 sp |||| |aspa d | ||
| 020 | _a84-320-5831-9 | ||
| 080 | _a929 Iniesta Cano, Carlos | ||
| 100 | 1 |
_aIniesta Cano, Carlos. _965316 |
|
| 245 | 1 | 0 |
_aMemorias y recuerdos _b: los años que he vivido en el proceso histórico de España / _cCarlos Iniesta Cano ; prólogo de Emilio Romero. |
| 250 | _a1ª ed. | ||
| 260 |
_aBarcelona : _bPlaneta, _c1984. |
||
| 300 |
_a271 p. : _bil., fot. ; _c24 cm. |
||
| 490 | 1 |
_aEspejo de España ; _v102 |
|
| 500 | _aÍndices. | ||
| 600 | 1 | 4 |
_aIniesta Cano, Carlos. _965316 |
| 700 | 1 |
_aRomero, Emilio. _999320 |
|
| 830 | 0 |
_aEspejo de España ; _v102 _9177692 |
|
| 852 |
_aES-MaACL _jL-13949 |
||
| 999 |
_c6762 _d6762 |
||